Statistics for Countries to play in a World Twenty20

Click here to take the quiz!

General Stats

  • This quiz has been taken 21 times
  • The average score is 14 of 19

Answer Stats

AppearencesCountry% Correct
6Australia
95%
6India
95%
6Sri Lanka
89%
6Pakistan
89%
6New Zealand
89%
6Bangladesh
89%
6England
84%
4Afghanistan
84%
6South Africa
79%
6West Indies
74%
3Scotland
74%
1Nepal
74%
1Kenya
74%
5Ireland
74%
3Netherlands
63%
1United Arab Emirates
63%
5Zimbabwe
63%
2Hong Kong
47%
1Oman
26%

Score Distribution

Percentile by Number Answered

Percent of People with Each Score

Your Score History

You have not taken this quiz